000 00397nam a2200181Ia 4500
008 210210b1918 xxu||||| |||| 00| 0 eng d
041 _aeng
082 _a550/18
100 _aRUTLEY
245 _aElements of mineralogy
260 _aLondon
_bNot Mentioned
_c1918
650 _aof
650 _amineralogy
650 _aElements
690 _aGeology
700 _aREAD
906 _a010162
999 _c137930
_d137930